Doctrinas y practicas cristianas : Quince colecciones para estudiar desde el día de la conversión hasta el día del bautismo / M. Francisco Liévano R (Registro nro. 33989)
[ vista simple ]
| 000 -LÍDER | |
|---|---|
| Campo fijo de descripción fija | 008490000a22001930004500 |
| 041 0# - CÓDIGO DE IDIOMA | |
| Código de idioma para texto/pista de sonido o título separado | |
| 082 04 - NÚMERO DE CLASIFICACIÓN DECIMAL DEWEY | |
| Número de clasificación | G 230.011 L7221d |
| 001 - NÚMERO DE CONTROL | |
| Campo de control | 3310 |
| 100 1# - ASIENTO PRINCIPAL--NOMBRE PERSONAL | |
| Nombre personal | Liévano, M. Francisco |
| 245 10 - TÍTULO | |
| Título del Material | Doctrinas y practicas cristianas : Quince colecciones para estudiar desde el día de la conversión hasta el día del bautismo / M. Francisco Liévano R |
| 260 ## - PUBLICACIÓN, DISTRIBUCIÓN, ETC. (PIE DE IMPRENTA) | |
| Lugar de publicación, distribución, etc. | Maracay, Venezuela : ADIEL |
| 300 ## - DESCRIPCIÓN FÍSICA | |
| Extensión | 130 Pag |
| 336 ## - CONTENT TYPE | |
| Content type term | texto |
| Content type code | txt |
| Source | rdacontent |
| 337 ## - MEDIA TYPE | |
| Source | rdamedia |
| Media type term | sin mediación |
| Media type code | n |
| 338 ## - CARRIER TYPE | |
| Source | rdacarrier |
| Carrier type term | volumen |
| Carrier type code | nc |
| 505 00 - NOTA DE CONTENIDO | |
| Nota de contenido con formato preestablecido | - Usted - El pecado - La Salvación - Cristo - El Espíritu Santo - La Santisima Trinidad - La Biblia - La vida cristiana - Las dos naturalezas - Conducta cristiana - La iglesia - Las ordenazas del Señor - Evangelismo - A las puertas dela eternidad |
| 650 14 - ASIENTO SECUNDARIO DE MATERIA - TERMINO TEMÁTICO | |
| Término temático o nombre geográfico como elemento de entrada | TEOLOGIA DOGMATICA |
| 942 ## - TIPO DE MATERIAL (KOHA) | |
| Tipo de Item KOHA | Libros General |
| Estado de Material | Estado de Perdido | Estado de Dañado | No para Préstamo | Colección | Tomo | Biblioteca de Origen | Biblioteca Permanente | Fecha de Adquisición | Total de Préstamos | Signatura Topográfica | Código de Barras | Última vez visto | Ejemplar/Existencia | Fecha de Remplazo | Tipo de Material |
|---|---|---|---|---|---|---|---|---|---|---|---|---|---|---|---|
| Colección General | Biblioteca FUSBC | Biblioteca FUSBC | 01/12/2004 | G 230.011 L7221d | 2741 | 12/12/2019 | 1 | 26/01/2016 | Libros General |
